Tenancy Regulatory Reform Order - succession tenancies, part I (Record no. 74744)

MARC details
000 -LEADER
fixed length control field 00930cab a2200205 4500
001 - CONTROL NUMBER
control field ABS68649
008 - FIXED-LENGTH DATA ELEMENTS--GENERAL INFORMATION
fixed length control field 050124n2004 000 0 eng u
035 ## - SYSTEM CONTROL NUMBER
System control number (Sirsi) u128589
100 ## - MAIN ENTRY--PERSONAL NAME
Personal name Sydenham, A.
245 ## - TITLE STATEMENT
Title Tenancy Regulatory Reform Order - succession tenancies, part I
260 ## - PUBLICATION, DISTRIBUTION, ETC.
Date of publication, distribution, etc. 2004
490 ## - SERIES STATEMENT
Series statement EMIS Property Service
Volume/sequential designation 2(11) November 2004, 10-11(2)
520 ## - SUMMARY, ETC.
Summary, etc. DEFRA has produced a consultation document on changes to the Agricultural Holdings Act 1986 and the Agricultural Tenancies Act 1995. The proposals are based on the recommendations made by the Tenancy Reform Industry Group. Discusses two of the proposals concerned with succession tenancies under the Agricultural Holdings Act 1986.
590 ## - LOCAL NOTE (RLIN)
Local note ABS
650 ## - SUBJECT ADDED ENTRY--TOPICAL TERM
Topical term or geographic name entry element AGRICULTURAL HOLDINGS ACT 1986
650 ## - SUBJECT ADDED ENTRY--TOPICAL TERM
Topical term or geographic name entry element AGRICULTURAL TENANCIES ACT 1995
650 ## - SUBJECT ADDED ENTRY--TOPICAL TERM
Topical term or geographic name entry element TENANCY REFORM
690 ## - LOCAL SUBJECT ADDED ENTRY--TOPICAL TERM (OCLC, RLIN)
Topical term or geographic name as entry element LANDLORD AND TENANT-AGRICULTURAL TENANCIES
942 ## - ADDED ENTRY ELEMENTS (KOHA)
Suppress in OPAC 0
Holdings
Withdrawn status Lost status Source of classification or shelving scheme Damaged status Not for loan Home library Current library Shelving location Date acquired Total Checkouts Full call number Barcode Date last seen Copy number Price effective from Koha item type
    Dewey Decimal Classification     London London Journal article 24/01/2005   ABS68649 128589-1001 06/08/2019 1 06/08/2019 Journal article